Flexural Behaviour of RCC Beam By Using Fly Ash As a Partial Replacement of Fine aggregate (Record no. 58457)

MARC details
000 -LEADER
fixed length control field 00436nam a2200157Ia 4500
100 ## - MAIN ENTRY--AUTHOR NAME
Personal name 14CE11
100 ## - MAIN ENTRY--AUTHOR NAME
Personal name Faizan Ahmed Memon
245 #0 - TITLE STATEMENT
Title Flexural Behaviour of RCC Beam By Using Fly Ash As a Partial Replacement of Fine aggregate
260 ## - PUBLICATION, DISTRIBUTION, ETC. (IMPRINT)
Place of publication Nawabshah
260 ## - PUBLICATION, DISTRIBUTION, ETC. (IMPRINT)
Name of publisher QUEST
260 ## - PUBLICATION, DISTRIBUTION, ETC. (IMPRINT)
Year of publication 2014
300 ## - PHYSICAL DESCRIPTION
Number of Pages 32
700 ## - ADDED ENTRY--PERSONAL NAME
Personal name Department Of Civil Engineering
Holdings
Withdrawn status Lost status Home library Current library Date acquired Accession Number Koha item type
    Central Library, QUEST, Nawabshah Research Section 23/04/2018 CEP/52-632 Thesis and Dissertation